000
00271nam a22001337a 4500
020
_a
8183071007
082
_a
425
_b
LEW/W
100
_a
LEWIS,NORMAN
245
_a
WORD POWER MADE EASY
260
_b
GOYAL PUBLISHERS
300
_a
16
650
_a
VOCABULARY
942
_c
BK
999
_c
3864
_d
3864